Technológia vzdelávania a informačný systém školy

Technológia vzdelávania ako vedná disciplína, ktorá nadväzuje na nové trendy a technológie súvisiace so vzdelávaním. Dôležitosť využívania infinformačno-komunikačných technológií a systémov. Zodpovednosť študenta za vzdelanie. Informačný systém školy.

Saved in:
Bibliographic Details
Main Author: Šimková, Zuzana
Format: Book Chapter
Language:Slovak
Subjects:
Tags: Add Tag
No Tags, Be the first to tag this record!

MARC

LEADER 00000naa$a2200000$$$4500
001 0045177
005 20231010123955.4
041 0 |a slo 
044 |a SK 
245 1 0 |a Technológia vzdelávania a informačný systém školy  |c Zuzana Šimková 
520 |a Technológia vzdelávania ako vedná disciplína, ktorá nadväzuje na nové trendy a technológie súvisiace so vzdelávaním. Dôležitosť využívania infinformačno-komunikačných technológií a systémov. Zodpovednosť študenta za vzdelanie. Informačný systém školy. 
610 2 0 |a vzdelávanie 
610 2 0 |a technológie informačné 
610 2 0 |a technológie komunikačné 
610 2 0 |a vyučovanie 
610 2 0 |a metódy 
610 2 0 |a vzdelávanie vysokoškolské 
610 2 0 |a systémy informačné 
100 1 |a Šimková, Zuzana